| Tag |
First Indicator |
Second Indicator |
Subfields |
| LEADER |
00000cam a2200000 a 4500 |
| 001 |
in00001486721 |
| 005 |
20151021070202.0 |
| 008 |
990430s1999 ctuacf b 001 0 eng d |
| 020 |
|
|
|a 0300078064
|
| 035 |
|
|
|a (OCoLC)41279944
|
| 035 |
|
|
|9 AJG9702AM
|
| 040 |
|
|
|a YNG
|c YNG
|d DPL
|d NDD
|d TXA
|d UtOrBLW
|
| 049 |
|
|
|a TXAM
|
| 090 |
|
|
|a UB271.R9
|b W47 1999
|
| 092 |
|
|
|a 327.1247
|
| 092 |
|
|
|a 327.1247041
|b W519, C953, 1999
|
| 100 |
1 |
|
|a West, Nigel.
|
| 245 |
1 |
4 |
|a The crown jewels :
|b the British secrets at the heart of the KGB archives /
|c Nigel West and Oleg Tsarev.
|
| 264 |
|
1 |
|a New Haven :
|b Yale University Press,
|c 1999.
|
| 300 |
|
|
|a xiv, 366 pages, 16 unnumbered pages of plates :
|b illustrations, portraits ;
|c 24 cm.
|
| 336 |
|
|
|a text
|b txt
|2 rdacontent
|
| 337 |
|
|
|a unmediated
|b n
|2 rdamedia
|
| 338 |
|
|
|a volume
|b nc
|2 rdacarrier
|
| 504 |
|
|
|a Includes bibliographical references (pages 349-356) and index.
|
| 650 |
|
0 |
|a Espionage, Soviet
|z Great Britain
|x History
|y 20th century
|x Sources.
|
| 610 |
1 |
0 |
|a Soviet Union.
|b Komitet gosudarstvennoĭ bezopasnosti
|x Archives.
|
| 700 |
1 |
|
|a Tsarev, Oleg.
|
| 948 |
|
|
|a c:en
|
| 999 |
|
|
|a MARS
|
| 999 |
f |
f |
|s bd184e80-cb90-3ae2-bf97-4a1d4a2340f9
|i 8e7b8d70-0763-3aaf-9b7c-147fbe5c63bc
|t 0
|
| 952 |
f |
f |
|p ric
|a Texas A&M University
|b Rellis Campus
|c Joint Library Facility
|d Remote Storage
|t 0
|e UB271.R9 W47 1999
|h Library of Congress classification
|i unmediated -- volume
|m A14825017532
|
| 998 |
f |
f |
|a UB271.R9 W47 1999
|t 0
|l Remote Storage
|